000 00829cam a22002291 4500
001 rc 01003275
003 DLC
005 20260227111909.0
007 cr_|||||||||||
008 841023s1889 ctuae 000 0 eng
010 _arc 01003275
035 _a(OCoLC)11299937
040 _aDLC
_cCoD
_dDLC
050 0 0 _aF104.N6
_bP3
100 1 _aPeck, Henry.
245 1 4 _aThe New Haven State House with some account of the Green;
_band various matters of historical and local interest, gather from many sources...
260 _aNew Haven, Conn.,
_bH. Peck & G. H. Coe,
_c1889.
300 _a282 p.,
_billustrations (include plans)
_c21 x 16 cm.
500 _aPreface signed: Henry Peck.
530 _aAlso available in digital form on the Internet Archive Web site.
856 4 1 _uhttp://hdl.loc.gov/loc.gdc/scd0001.00140655004
999 _c52537
_d52537